Chefs-Lieux de départements français par ordre alphabétique - Statistiques

Statistiques générales
  • Ce quiz a été pris 109 fois
  • Le résultat moyen est 36 sur 101
Statistiques - réponses
° Chef-Lieu % Correct
(5) Amiens
84%
(1) Agen
74%
(3) Albi
74%
(4) Alençon
68%
(8) Annecy
68%
(9) Arras
68%
(13) Avignon
68%
(6) Angers
61%
(7) Angoulême
61%
(17 Beauvais
61%
(22) Bordeaux
61%
(25) Caen
61%
(19) Besançon
58%
(2) Ajaccio
55%
(23) Bourg-en-Bresse
55%
(11) Aurillac
52%
(12) Auxerre
52%
(18) Belfort
52%
(24) Bourges
52%
(94) Toulouse
52%
(30) Châlons-en-Champagne
48%
(10) Auch
45%
(16) Bastia
45%
(27) Carcassonne
45%
(31) Chambéry
45%
(40) Dijon
45%
(45) Fort-de-France
45%
(14) Bar-le-Duc
42%
(34) Châteauroux
42%
(37) Colmar
42%
(98) Valence
42%
(20) Blois
39%
(21) Bobigny
39%
(29) Cergy
39%
(39) Digne-les-Bains
39%
(61) Marseille
39%
(77) Paris
39%
(93) Toulon
39%
(100) Versailles
39%
(32) Charleville-Mézières
35%
(36) Clermont-Ferrand
35%
(38) Créteil
35%
(43) Évry-Courcouronnes
35%
(44) Foix
35%
(46) Gap
35%
(58) Lyon
35%
(92) Tarbes
35%
(15) Basse-Terre
32%
(26) Cahors
32%
(35) Chaumont
32%
(42) Évreux
32%
(73) Nice
32%
(88) Saint-Denis
32%
(89) Saint-Étienne
32%
(91) Strasbourg
32%
(95) Tours
32%
(28) Cayenne
29%
(33) Chartres
29%
(53) Le Mans
29%
(69) Nancy
29%
(71) Nantes
29%
(74) Nîmes
29%
(80) Perpignan
29%
(86) Rouen
29%
(41) Épinal
26%
(48) Guéret
26%
(52) Laval
26%
(55) Lille
26%
(64) Metz
26%
(67) Montpellier
26%
(83) Quimper
26%
(96) Troyes
26%
(99) Vannes
26%
(51) Laon
23%
(50) La Rochelle
23%
(63) Mende
23%
(78) Pau
23%
(84) Rennes
23%
(85) Rodez
23%
(87) Saint-Brieuc
23%
(101) Vesoul
23%
(47) Grenoble
19%
(54) Le Puy-en-Velay
19%
(56) Limoges
19%
(60) Mamoudzou
19%
(70) Nanterre
19%
(72) Nevers
19%
(76) Orléans
19%
(97) Tulle
19%
(49) La Roche-sur-Yon
16%
(57) Lons-le-Saunier
16%
(59) Mâcon
16%
(66) Montauban
16%
(68) Moulins
16%
(75) Niort
16%
(81) Poitiers
16%
(82) Privas
16%
(62) Melun
13%
(65) Mont-de-Marsan
13%
(90) Saint-Lô
13%
(79) Périgueux
10%
Aucun quiz correspondant
Distribution des résultats
% des personnes avec chaque résultat
Percentile par nombre de réponses
Votre historique - résultats
Vous n’avez pas pris ce quiz